ʻIshq jis ne kyā --- / (Record no. 329793)
[ view plain ]
| 000 -LEADER | |
|---|---|
| fixed length control field | 01253cam a22003137a 4500 |
| 001 - CONTROL NUMBER | |
| control field | 16772775 |
| 003 - CONTROL NUMBER IDENTIFIER | |
| control field | NUST |
| 005 - DATE AND TIME OF LATEST TRANSACTION | |
| control field | 20170523104440.0 |
| 008 - FIXED-LENGTH DATA ELEMENTS--GENERAL INFORMATION | |
| fixed length control field | 110511s2009 pk 000 1 urd |
| 010 ## - LIBRARY OF CONGRESS CONTROL NUMBER | |
| LC control number | 2011325099 |
| 020 ## - INTERNATIONAL STANDARD BOOK NUMBER | |
| International Standard Book Number | 9789698939977 |
| 025 ## - OVERSEAS ACQUISITION NUMBER | |
| Overseas acquisition number | P-U-2011325099; 10 |
| 040 ## - CATALOGING SOURCE | |
| Original cataloging agency | DLC |
| Transcribing agency | DLC |
| 042 ## - AUTHENTICATION CODE | |
| Authentication code | lcode |
| 050 00 - LIBRARY OF CONGRESS CALL NUMBER | |
| Classification number | MLCSA 2011/00605 (P) |
| 066 ## - CHARACTER SETS PRESENT | |
| Alternate G0 or G1 character set | (3 |
| -- | (4 |
| 082 ## - DEWEY DECIMAL CLASSIFICATION NUMBER | |
| Classification number | 891.4393 |
| Author Mark | KAM |
| 100 1# - MAIN ENTRY--PERSONAL NAME | |
| Linkage | 880-01 |
| Personal name | Kamāl, Ṣādiq. |
| 9 (RLIN) | 1293 |
| 245 10 - TITLE STATEMENT | |
| Linkage | 880-02 |
| Title | ʻIshq jis ne kyā --- / |
| Statement of responsibility, etc. | Ṣādiq Kamāl. |
| 246 1# - VARYING FORM OF TITLE | |
| Display text | Title on p. 4 of cover: |
| Title proper/short title | Ishq jis ne kiya |
| 260 ## - PUBLICATION, DISTRIBUTION, ETC. | |
| Linkage | 880-03 |
| Place of publication, distribution, etc. | Faiṣalābād : |
| Name of publisher, distributor, etc. | Mis̲āl Pablīsharz ; |
| Place of publication, distribution, etc. | Lāhaur : |
| Name of publisher, distributor, etc. | Taqsīmkār, Nigārishāt Pablīsharz, |
| Date of publication, distribution, etc. | 2009. |
| 300 ## - PHYSICAL DESCRIPTION | |
| Extent | 307 p. ; |
| Dimensions | 22 cm. |
| 500 ## - GENERAL NOTE | |
| General note | Novel. |
| 546 ## - LANGUAGE NOTE | |
| Language note | In Urdu. |
| 650 ## - SUBJECT ADDED ENTRY--TOPICAL TERM | |
| Topical term or geographic name entry element | Novel |
| Form subdivision | Urdu Literature |
| 9 (RLIN) | 1294 |
| 880 1# - ALTERNATE GRAPHIC REPRESENTATION | |
| Linkage | 100-01/(4/r |
| Title | کمال، صادق. |
| 880 10 - ALTERNATE GRAPHIC REPRESENTATION | |
| Linkage | 245-02/(3/r |
| Title | عشق جس نے کيا --- / |
| c | صادق کمال. |
| 880 ## - ALTERNATE GRAPHIC REPRESENTATION | |
| Linkage | 260-03/(3/r |
| Title | فيصلآباد : |
| b | مثال پبليشرز ؛ |
| Title | لاهور : |
| b | تقسيمکار، نگارشات پبليشرز، |
| c | 2009. |
| 906 ## - LOCAL DATA ELEMENT F, LDF (RLIN) | |
| a | 7 |
| b | cbc |
| c | origode |
| d | 4 |
| e | ncip |
| f | 20 |
| g | y-nonroman |
| 942 ## - ADDED ENTRY ELEMENTS (KOHA) | |
| Source of classification or shelving scheme | |
| Koha item type | Book |
| Withdrawn status | Lost status | Source of classification or shelving scheme | Damaged status | Not for loan | Permanent Location | Current Location | Shelving location | Date acquired | Total Checkouts | Total Renewals | Full call number | Barcode | Date last seen | Date last checked out | Copy number | Price effective from | Koha item type |
|---|---|---|---|---|---|---|---|---|---|---|---|---|---|---|---|---|---|
| Central Library (CL) | Central Library (CL) | Fiction | 05/23/2017 | 4 | 1 | 891.4393 KAM | CL3106 | 01/09/2025 | 04/20/2024 | 1 | 05/23/2017 | Book |
